000 00627nam a22001937a 4500
003 OSt
005 20220107122831.0
008 170802b xxu||||| |||| 00| 0 eng d
040 _cIIITMK
100 _aNemi, C (92315017)
_912535
245 _aDevelopment of remote sensing based models for sugarcane crop yield prediction at spatial and regional scale
300 _aMSC GIS-Main Project
502 _bMSC GIS
_c2015-2017
_dEXT
_eDr Rojalin Tripathy Scientist,SAC,ISRO
650 _aREMOTE SENSING
_912536
650 _aAGRO METEOROLOGY
_912537
650 _aSUGARCANE YIELD
_912538
650 _aNDVI
_912539
942 _2ddc
_cPR
999 _c5776
_d5776